000 03155nam2a2200289 4500
001 RU\NLR\BIBL_A\012324980
005 20201008165735.0
010 _a978-5-8158-2135-4
_bч. 2
021 _aRU
_bКН-П-20-023192
_9КН-П-20-1815
035 _a(NLR Aleph) 012324980
090 _a11440921
_c11440921
100 _a20200901d2019 k y0rusy50 ca
101 0 _arus
102 _aRU
105 _aa|||z|||100zy
200 1 _aИдеи и решения для инновационного развития лесных и лесоперерабатывающих технологий
_e[секция
_fредакционная коллегия: Бажин О.Н., канд. с.-х. наук, доц. и др.]
215 _a128 с.
_cил., табл.
461 0 _1001RU\NLR\BIBL_A\012324953
_12001#$aИнженерные кадры - будущее инновационной экономики России$eматериалы V Всероссийской студенческой конференции, Йошкар-Ола, 5-8 ноября 2019 г., [проходившей в рамках одноимённого Форума$eв 8 ч.]$fМинистерство науки и высшего образования Российской Федерации, Федеральное государственное бюджетное образовательное учреждение высшего образования "Поволжский государственный технологический университет", [Росмолодежь]$vЧ. 2
_911440777
_cЙошкар-Ола
_d2019
_fМинистерство науки и высшего образования Российской Федерации, Федеральное государственное бюджетное образовательное учреждение высшего образования "Поволжский государственный технологический университет", [Росмолодежь]
_nПоволжский государственный технологический университет
_oматериалы V Всероссийской студенческой конференции, Йошкар-Ола, 5-8 ноября 2019 г., [проходившей в рамках одноимённого Форума : в 8 ч.]
_tИнженерные кадры - будущее инновационной экономики России
_y9785815821330
_vЧ. 2
606 1 _aЛесное хозяйство
_jСъезды, совещания и т.п
_xИнновационные технологии
_yРоссийская Федерация
_92322892
_3RU\NLR\AUTH\6601614270
606 1 _aЛесохимические производства
_jСъезды, совещания и т.п
_xИнновационные технологии
_92450143
_3RU\NLR\AUTH\6601674485
686 1 _aП3(2Р)я431(2)
686 1 _aЛ76я431(2)
702 1 _aБажин
_bО. Н.
_gОлег Николаевич
_4340
942 _cBOOK
980 _aNB